LEADER 02828nam 2200625Ia 450 001 9910450424403321 005 20200520144314.0 010 $a1-281-88078-7 010 $a9786611880781 010 $a981-256-766-6 035 $a(CKB)1000000000247203 035 $a(EBL)244558 035 $a(OCoLC)228122784 035 $a(SSID)ssj0000141847 035 $a(PQKBManifestationID)11130219 035 $a(PQKBTitleCode)TC0000141847 035 $a(PQKBWorkID)10096353 035 $a(PQKB)10200236 035 $a(MiAaPQ)EBC244558 035 $a(WSP)00000309 035 $a(Au-PeEL)EBL244558 035 $a(CaPaEBR)ebr10106551 035 $a(CaONFJC)MIL188078 035 $a(OCoLC)935228969 035 $a(EXLCZ)991000000000247203 100 $a20050825d2005 uy 0 101 0 $aeng 135 $aur|n|---||||| 181 $ctxt 182 $cc 183 $acr 200 10$aDust in the universe$b[electronic resource] $esimilarities and differences /$fK S Krishna Swamy 210 $aSingapore ;$aLondon $cWorld Scientific$d2005 215 $a1 online resource (266 p.) 225 1 $aWorld Scientific series in astronomy and astrophysics ;$vv. 7 300 $aDescription based upon print version of record. 311 $a981-256-293-1 320 $aIncludes bibliographical references and index. 327 $aPreface; Contents; Chapter 1. General Introduction; Chapter 2. Laboratory Studies; Chapter 3. Interstellar Dust; Chapter 4. Cometary Dust; Chapter 5. Interplanetary Dust; Chapter 6. Circumstellar Dust; Chapter 7. Extragalactic Dust; Chapter 8. Epilogue; Appendix A H-R Diagram; Appendix B Stellar Evolution; Appendix C Nucleosynthesis; Appendix D Acronyms; Index 330 $aThe study of dust in the universe is an exciting area in current astronomy. Dust formed during an earlier epoch could be different from that formed at a later time, but the nature and composition of dust is not presently understood in its entirety. The comprehensive study presented in this book provides a much needed critical analysis of different types of dust in the universe. The information derived from presolar grains from comets, meteorites and interplanetary dust particles as well as the relevant laboratory studies are discussed. This should help in our goal of understanding the evolutio 410 0$aWorld Scientific series in astronomy and astrophysics ;$vv. 7. 606 $aCosmic dust 606 $aInterstellar matter 608 $aElectronic books. 615 0$aCosmic dust. 615 0$aInterstellar matter. 676 $a523.1125 700 $aKrishna Swamy$b K. S$0923831 801 0$bMiAaPQ 801 1$bMiAaPQ 801 2$bMiAaPQ 906 $aBOOK 912 $a9910450424403321 996 $aDust in the universe$92073248 997 $aUNINA LEADER 02535nam 22005414a 450 001 9911019654303321 005 20230828213235.0 010 $a1-119-20130-6 010 $a1-280-24306-6 010 $a9786610243068 010 $a0-471-77364-6 035 $a(CKB)1000000000355207 035 $a(EBL)243737 035 $a(OCoLC)63532258 035 $a(SSID)ssj0000214194 035 $a(PQKBManifestationID)12059286 035 $a(PQKBTitleCode)TC0000214194 035 $a(PQKBWorkID)10156628 035 $a(PQKB)11427122 035 $a(MiAaPQ)EBC243737 035 $a(EXLCZ)991000000000355207 100 $a20050620d2006 uy 0 101 0 $aeng 135 $aur|n|---||||| 181 $ctxt 182 $cc 183 $acr 200 10$aOffshoring opportunities$b[electronic resource] $estrategies and tactics for global competitiveness /$fJohn Berry 210 $aHoboken, N.J. $cWiley$dc2006 215 $a1 online resource (272 p.) 300 $aIncludes index. 311 $a0-471-71673-1 327 $aOffshoring and its discontents -- Everything you can send down a wire is up for grabs -- Coase and the changing nature of work -- Pouring the foundation : the offshoring value delivery framework -- Is the organization ready? -- Making the case -- So many choices -- Location is everything -- An alliance is forged -- Let's make a deal -- Other relationship details -- Start of a beautiful friendship -- Calling all low cost reps -- Toward best practices. 330 $aoffshoring opportunities is on target for today's marketplace""This book provides a much needed framework for offshoring that supports making sound business decisions in this area, and it can help guide the management of the resulting offshore relationship in an efficient and effective manner. John brings clarity and structure to this broad and complex subject.""-Jim Maloney Chief Security Executive Corillian Corporation""An extremely well-written and researched book. Starts with a good background on the political and cultural implications of offshoring and proceeds to prov 606 $aInternational business enterprises 606 $aContracting out 615 0$aInternational business enterprises. 615 0$aContracting out. 676 $a658.4/058 676 $a658.4058 700 $aBerry$b John$f1960-$01839589 801 0$bMiAaPQ 801 1$bMiAaPQ 801 2$bMiAaPQ 906 $aBOOK 912 $a9911019654303321 996 $aOffshoring opportunities$94418857 997 $aUNINA LEADER 04169oas 2201393 a 450 001 9910144222103321 005 20251104213014.0 011 $a2325-5528 035 $a(OCoLC)51205528 035 $a(CONSER) 2002227364 035 $a(CKB)991042728165478 035 $a(EXLCZ)99991042728165478 100 $a20021211b19521959 uy a 101 0 $aeng 135 $auran||||||||| 181 $ctxt$2rdacontent 182 $cc$2rdamedia 183 $acr$2rdacarrier 200 14$aThe coordinator $ebulletin of the Oregon Coordinating Council on Social Hygiene and Family Life 210 $aNew York, N.Y. $cJohnson Reprint Corp.$d1971 300 $aTitle from title screen (viewed December 12, 2002). 300 $aDigital reproduction of the reprint edition. Original publication published: Portland, Ore. : Oregon Coordinating Council on Social Hygiene and Family Life, 1952-1959. 311 08$a1540-8256 606 $aFamily life education$zUnited States$vPeriodicals 606 $aFamilies$zUnited States$vPeriodicals 606 $aMarriage$zUnited States$vPeriodicals 606 $aFamily life education$vPeriodicals 606 $aMarriage$vPeriodicals 606 $aFamily 606 $aRodzina$2dbn 606 $aFamilies$2fast$3(OCoLC)fst01728849 606 $aFamily life education$2fast$3(OCoLC)fst00920371 606 $aMarriage$2fast$3(OCoLC)fst01010443 606 $aCounseling familial$2rasuqam 606 $aConseiller (Counseling)$2rasuqam 606 $aE?ducation$2rasuqam 606 $aE?ducation familiale$2rasuqam 606 $aFamille$2rasuqam 606 $aMariage$2rasuqam 606 $aVie familiale$2rasuqam 606 $aE?ducation a? la vie familiale$zE?tats-Unis$vPe?riodiques 606 $aFamilles$zE?tats-Unis$vPe?riodiques 606 $aMariage$zE?tats-Unis$vPe?riodiques 606 $aE?ducation a? la vie familiale$vPe?riodiques 606 $aMariage$vPe?riodiques 607 $aUnited States$2fast$1https://id.oclc.org/worldcat/entity/E39PBJtxgQXMWqmjMjjwXRHgrq 607 $aE?tats-Unis$2rasuqam 608 $aPeriodical. 608 $aCzasopismo socjologiczne.$2dbn 608 $aPeriodicals.$2fast 608 $aPeriodicals.$2lcgft 608 $aPe?riodique e?lectronique (Descripteur de forme)$2rasuqam 608 $aRessource Internet (Descripteur de forme)$2rasuqam 608 $aperiodicals.$2aat 608 $aPe?riodiques.$2rvmgf 615 0$aFamily life education 615 0$aFamilies 615 0$aMarriage 615 0$aFamily life education 615 0$aMarriage 615 2$aFamily. 615 7$aRodzina. 615 7$aFamilies. 615 7$aFamily life education. 615 7$aMarriage. 615 7$aCounseling familial. 615 7$aConseiller (Counseling) 615 7$aE?ducation. 615 7$aE?ducation familiale. 615 7$aFamille. 615 7$aMariage. 615 7$aVie familiale. 615 6$aE?ducation a? la vie familiale 615 6$aFamilles 615 6$aMariage 615 6$aE?ducation a? la vie familiale 615 6$aMariage 676 $a306.8/5/0973 712 02$aOregon Coordinating Council on Social Hygiene and Family Life 712 02$aPacific Northwest Council on Family Relations (U.S.) 801 0$bEYM 801 1$bEYM 801 2$bOCLCQ 801 2$bOCLCS 801 2$bOCLCQ 801 2$bUQ1 801 2$bSERSO 801 2$bOCLCQ 801 2$bDLC 801 2$bOCLCQ 801 2$bOCLCF 801 2$bOCLCO 801 2$bOCLCQ 801 2$bDEBBG 801 2$bGILDS 801 2$bOCLCO 801 2$bMST 801 2$bU3W 801 2$bWYU 801 2$bOCLCO 801 2$bOCLCA 801 2$bVT2 801 2$bOCLCO 801 2$bNJT 801 2$bOCLCO 801 2$bOCLCA 801 2$bUWK 801 2$bOCLCQ 801 2$bOCLCL 801 2$bOCLCQ 801 2$bUAB 801 2$bOCLCL 801 2$bIUA 801 2$bAU@ 801 2$bFIE 906 $aJOURNAL 912 $a9910144222103321 996 $aCoordinator$93559126 997 $aUNINA